Dr. Dobson answers your questions / (Record no. 9462)

MARC details
000 -LEADER
fixed length control field 00893cam a2200277Ia 4500
001 - CONTROL NUMBER
control field 10439128
003 - CONTROL NUMBER IDENTIFIER
control field OCoLC
005 - DATE AND TIME OF LATEST TRANSACTION
control field 20210114163324.0
008 - FIXED-LENGTH DATA ELEMENTS--GENERAL INFORMATION
fixed length control field 840221t19831982nyua b 001 0 eng d
020 ## - INTERNATIONAL STANDARD BOOK NUMBER
International Standard Book Number 0842306528
020 ## - INTERNATIONAL STANDARD BOOK NUMBER
International Standard Book Number 9780842306522
035 ## - SYSTEM CONTROL NUMBER
System control number (OCoLC)10439128
040 ## - CATALOGING SOURCE
Original cataloging agency WIR
Transcribing agency WIR
Modifying agency KAT
-- OCLCQ
-- OCLCG
-- ECASD
-- CIRBC
043 ## - GEOGRAPHIC AREA CODE
Geographic area code n-us---
050 00 - LIBRARY OF CONGRESS CALL NUMBER
Classification number HQ769
Item number .D583 1982
092 ## - LOCALLY ASSIGNED DEWEY CALL NUMBER (OCLC)
Classification number 649.1
Item number D6355d
100 1# - MAIN ENTRY--PERSONAL NAME
Personal name Dobson, James C.,
Dates associated with a name 1936-
245 10 - TITLE STATEMENT
Title Dr. Dobson answers your questions /
Statement of responsibility, etc. James Dobson.
260 ## - PUBLICATION, DISTRIBUTION, ETC.
Place of publication, distribution, etc. Carmel, N.Y. :
Name of publisher, distributor, etc. Guideposts,
Date of publication, distribution, etc. 1983, c1982.
300 ## - PHYSICAL DESCRIPTION
Extent 527 p. :
Other physical details ill. ;
Dimensions 24 cm.
504 ## - BIBLIOGRAPHY, ETC. NOTE
Bibliography, etc. note Includes bibliographical references and index.
650 #0 - SUBJECT ADDED ENTRY--TOPICAL TERM
Topical term or geographic name entry element Child rearing
Geographic subdivision United States
Form subdivision Miscellanea.
650 #0 - SUBJECT ADDED ENTRY--TOPICAL TERM
Topical term or geographic name entry element Family
Geographic subdivision United States
General subdivision Religious aspects
-- Christianity
Form subdivision Miscellanea.
650 #0 - SUBJECT ADDED ENTRY--TOPICAL TERM
Topical term or geographic name entry element Conduct of life
Form subdivision Miscellanea.
942 ## - ADDED ENTRY ELEMENTS (KOHA)
Source of classification or shelving scheme Dewey Decimal Classification
Koha item type Books
Holdings
Withdrawn status Lost status Source of classification or shelving scheme Damaged status Not for loan Collection code Home library Current library Shelving location Date acquired Total Checkouts Full call number Barcode Date last seen Price effective from Koha item type
    Dewey Decimal Classification     Non-fiction Harvest Mission College Harvest Mission College General Stacks 21.01.2021   649.1 D635D 010794 21.01.2021 21.01.2021 Books

OPAC Designed and Maintained by HMC Library Team.
Copyright © HMC Library,Greater Noida, UP.
For any Suggestions/Query Contact library via Email:libhmc@gmail.com